<?xml version="1.0" encoding="UTF-8"?>
<record
    xmlns:xsi="http://www.w3.org/2001/XMLSchema-instance"
    xsi:schemaLocation="http://www.loc.gov/MARC21/slim http://www.loc.gov/standards/marcxml/schema/MARC21slim.xsd"
    xmlns="http://www.loc.gov/MARC21/slim">

  <leader>01275nam a2200265   4500</leader>
  <controlfield tag="001">113593</controlfield>
  <controlfield tag="003">DR-UNIBE</controlfield>
  <controlfield tag="005">20250509162312.0</controlfield>
  <controlfield tag="008">250509b2002    nq ||||| |||| 00| 0 spa d</controlfield>
  <datafield tag="020" ind1=" " ind2=" ">
    <subfield code="a">9992481005</subfield>
  </datafield>
  <datafield tag="040" ind1=" " ind2=" ">
    <subfield code="a">BIBLIOTECA UNIBE</subfield>
    <subfield code="c">BIBLIOTECA UNIBE</subfield>
    <subfield code="b">spa</subfield>
    <subfield code="e">rda</subfield>
  </datafield>
  <datafield tag="041" ind1=" " ind2=" ">
    <subfield code="a">spa</subfield>
  </datafield>
  <datafield tag="082" ind1=" " ind2=" ">
    <subfield code="2">22</subfield>
    <subfield code="a">345.7285 P969c</subfield>
  </datafield>
  <datafield tag="110" ind1="1" ind2="0">
    <subfield code="a">Proyecto de Reforma y Modernizaci&#xF3;n Normativa</subfield>
    <subfield code="9">195195</subfield>
    <subfield code="e">autor</subfield>
  </datafield>
  <datafield tag="110" ind1="1" ind2="0">
    <subfield code="a">Centro para la Administraci&#xF3;n de Justicia de la Universidad Internacional de la Florida (CAJ-FIU/USAID)</subfield>
    <subfield code="9">195196</subfield>
    <subfield code="e">autor</subfield>
  </datafield>
  <datafield tag="245" ind1="1" ind2="0">
    <subfield code="a">C&#xF3;digo procesal penal de la Rep&#xFA;blica de NIcaragua /</subfield>
    <subfield code="c">Proyecto de Reforma y Modernizaci&#xF3;n Normativa, Centro para la Administraci&#xF3;n de Justicia de la Universidad Internacional de la Florida (CAJ-FIU/USAID) ; presentaci&#xF3;n: Iv&#xE1;n Escobar Fornos</subfield>
  </datafield>
  <datafield tag="250" ind1=" " ind2=" ">
    <subfield code="a">Primera edici&#xF3;n</subfield>
  </datafield>
  <datafield tag="260" ind1=" " ind2=" ">
    <subfield code="a">Managua ;</subfield>
    <subfield code="b">Proyecto de Reforma y Modernizaci&#xF3;n Normativa, </subfield>
    <subfield code="c">2002</subfield>
  </datafield>
  <datafield tag="300" ind1=" " ind2=" ">
    <subfield code="a">211 p&#xE1;ginas :</subfield>
    <subfield code="c">27 x 20 cm</subfield>
  </datafield>
  <datafield tag="505" ind1=" " ind2=" ">
    <subfield code="a">Presentaci&#xF3;n |
C&#xF3;digo procesal penal de la Rep&#xFA;blica de Nicaragua |
Anexos</subfield>
  </datafield>
  <datafield tag="650" ind1=" " ind2="7">
    <subfield code="2">lemb</subfield>
    <subfield code="a"> Derecho civil </subfield>
    <subfield code="v">C&#xF3;digos</subfield>
    <subfield code="z">Nicaragua</subfield>
    <subfield code="9">195200</subfield>
  </datafield>
  <datafield tag="650" ind1=" " ind2="7">
    <subfield code="2">lemb</subfield>
    <subfield code="a"> Derecho procesal </subfield>
    <subfield code="v">C&#xF3;digos</subfield>
    <subfield code="z">Nicaragua</subfield>
    <subfield code="9">195201</subfield>
  </datafield>
  <datafield tag="700" ind1="1" ind2="0">
    <subfield code="a">Escobar Fornos, Iv&#xE1;n</subfield>
    <subfield code="9">195197</subfield>
    <subfield code="e">presentaci&#xF3;n</subfield>
  </datafield>
  <datafield tag="942" ind1=" " ind2=" ">
    <subfield code="2">ddc</subfield>
    <subfield code="c">BK</subfield>
  </datafield>
  <datafield tag="999" ind1=" " ind2=" ">
    <subfield code="c">113593</subfield>
    <subfield code="d">113593</subfield>
  </datafield>
  <datafield tag="952" ind1=" " ind2=" ">
    <subfield code="0">0</subfield>
    <subfield code="1">0</subfield>
    <subfield code="2">ddc</subfield>
    <subfield code="7">0</subfield>
    <subfield code="8">GEN</subfield>
    <subfield code="a">Principal</subfield>
    <subfield code="d">2025-04-08</subfield>
    <subfield code="l">0</subfield>
    <subfield code="o">345.7285 P969c</subfield>
    <subfield code="p">250394</subfield>
    <subfield code="r">2025-05-09 16:21:53</subfield>
    <subfield code="t">Ej. 1</subfield>
    <subfield code="w">2025-05-09</subfield>
    <subfield code="y">BK</subfield>
  </datafield>
</record>
